|
|
|
|
| LEADER |
01258nam a2200241 a 4500 |
| 001 |
GR-MES2745 |
| 008 |
991111s1996 gr 000 0 gre d |
| 020 |
|
|
|a 9602325194
|
| 040 |
|
|
|a GrPaTEI
|b gre
|c GR-PaULI
|
| 245 |
0 |
3 |
|a Οι επιπτώσεις από την απελευθέρωση των κεφαλαίων στην ελληνική χρηματο πιστωτική αγορά.
|
| 260 |
|
|
|a Αθήνα :
|b ΑΝΤ.Ν.Σάκκουλα,
|c 1996
|
| 300 |
|
|
|a 194σελ. :
|b πιν.σχημ.
|
| 500 |
|
|
|a Περιέχει ελληνική και ξένη βιβλιογραφία
|
| 650 |
|
4 |
|a ΙΣΟΖΥΓΙΟ ΠΛΗΡΩΜΩΝ
|
| 650 |
|
4 |
|a ΚΕΦΑΛΑΙΑ
|
| 650 |
|
4 |
|a Συνάλλαγμα
|
| 700 |
1 |
|
|a Μαναλής, Γ.
|
| 710 |
0 |
|
|a ΑΝΤ.Ν.Σάκκουλα
|
| 942 |
|
|
|2 ddc
|
| 952 |
|
|
|0 0
|1 0
|2 ddc
|4 0
|6 332_041000000000000_ΜΑΝ
|7 0
|9 267170
|a MSLG
|b MSLG
|c BSC
|d 2021-01-17
|e 24
|f 0
|g 0.00
|l 0
|o 332.041 ΜΑΝ
|p 2420000009906
|r 2021-01-17 00:00:00
|t 1
|w 2021-01-17
|y BK15
|x 19991111 0 1
|x GrPaTEI
|
| 952 |
|
|
|0 0
|1 0
|2 ddc
|4 0
|6 332_041000000000000_MAN
|7 0
|9 322043
|a MSLG
|b MSLG
|c BSC
|d 2021-01-23
|e 24
|f 0
|g 0.00
|l 0
|o 332.041 MAN
|p 2420000018138
|r 2021-01-23 00:00:00
|t 1
|w 2021-01-23
|y BK15
|x 20000314 0 1
|x GrPaTEI
|
| 971 |
|
|
|a .b25737909
|b 16-04-20
|c 13-09-16
|
| 999 |
|
|
|c 153798
|d 153798
|